[Event "USA-ch13 prel 02 corr"]
[Site "USA"]
[Date "1996.06.24"]
[Round "?"]
[White "Hartley, Richard H"]
[Black "Bridle, Sam"]
[Result "1-0"]
[WhiteElo "2165"]
[BlackElo "2100"]
[PlyCount "93"]
[EventDate "1996.??.??"]
[EventType "tourn (corr)"]
[EventRounds "9"]
[EventCountry "USA"]
[SourceTitle "Corr 2006"]
[Source "ChessBase"]
[SourceDate "2006.04.01"]
[SourceVersion "3"]
[SourceVersionDate "2006.04.01"]
[SourceQuality "1"]

1. e4 Nf6 2. e5 Nd5 3. d4 d6 4. c4 Nb6 5. f4 dxe5 6. fxe5 Nc6 7. Be3 Bf5 8. Nc3 e6 9. Nf3 Bg4 10. Be2 Bxf3 11. gxf3 Qh4+ 12. Bf2 Qf4 13. Qc1 Qxc1+ 14. Rxc1 0-0-0 15. Rd1 Bb4 16. a3 Bxc3+ 17. bxc3 Na5 18. Rg1 Rhg8 19. Bd3 g6 20. Bh4 Rd7 21. c5 Nd5 22. Kd2 Nb3+ 23. Kc2 Nxc5 24. dxc5 Ne3+ 25. Kb3 Nxd1 26. Rxd1 g5 27. Bf2 c6 28. Kc2 Rd5 29. c4 Rdd8 30. Be3 g4 31. fxg4 Rxg4 32. Rd2 Rd7 33. Rf2 Rh4 34. Bf4 Rh3 35. Bg3 Kd8 36. Rf6 Ke8 37. Bf1 Rh5 38. Be2 Rg5 39. Rh6 Rg7 40. Bd3 Rd4 41. Kc3 Rdg4 42. Bxh7 Rxg3+ 43. hxg3 Rxg3+ 44. Bd3 Rg8 45. Rh1 Kd7 46. Rf1 Rg7 47. Be4 1-0